[Event "TCh-TUR Super League 2015"]
[Site "Kocaeli TUR"]
[Date "2015.08.05"]
[Round "2.6"]
[Board "6"]
[White "Bortnyk, Olexandr"]
[Black "Arat, Ufuk Sezen"]
[Result "1-0"]
[WhiteTitle "IM"]
[BlackTitle "FM"]
[WhiteElo "2553"]
[BlackElo "2409"]
[WhiteTeam "Istanbul Technical University Sports Club"]
[BlackTeam "Besiktas Jimnastik Kulubu"]
[WhiteFideId "14120828"]
[BlackFideId "6309089"]
[EventDate "2015.08.04"]

1. e4 c6 2. c4 d5 3. exd5 cxd5 4. cxd5 Nf6 5. Qa4+ Nbd7 6. Nc3 g6 7. Nf3 Bg7 8.
Bc4 O-O 9. d3 a6 10. Qa3 b6 11. O-O Bb7 12. Re1 Re8 13. Ng5 b5 14. Bb3 Nb6 15.
d6 e6 16. Nge4 Nfd5 17. Bg5 f6 18. Nxd5 Nxd5 19. Bd2 a5 20. Nc5 b4 21. Nxb7 Qb8
22. Qa4 Qxb7 23. Rac1 Kh8 24. Qc6 Qxc6 25. Rxc6 Bf8 26. Ba4 Rab8 27. d7 Red8 28.
Rcxe6 Kg7 29. Re8 Bd6 30. R1e6 Bc5 31. d4 Bxd4 32. Bc6 1-0

[Event "TCh-TUR Super League 2015"]
[Site "Kocaeli TUR"]
[Date "2015.08.05"]
[Round "2.6"]
[Board "7"]
[White "Gokerkan, Cem Kaan"]
[Black "Aydincelebi, Kagan"]
[Result "1-0"]
[BlackTitle "FM"]
[WhiteElo "2205"]
[BlackElo "1977"]
[WhiteTeam "Besiktas Jimnastik Kulubu"]
[BlackTeam "Istanbul Technical University Sports Club"]
[WhiteFideId "6336760"]
[BlackFideId "6361102"]
[EventDate "2015.08.04"]

1. e4 c5 2. c3 d5 3. exd5 Qxd5 4. d4 g6 5. Nf3 Bg7 6. Be2 Nf6 7. dxc5 Qxc5 8.
Be3 Qc7 9. Na3 Nc6 10. Nb5 Qb8 11. O-O O-O 12. Qc1 Nd5 13. Bh6 a6 14. c4 Nf6 15.
Bxg7 Kxg7 16. Nc3 Bg4 17. Qe3 Bxf3 18. Bxf3 Qe5 19. Rfe1 Qxe3 20. Rxe3 e6 21.
Bxc6 bxc6 22. Rd1 Rfd8 23. Red3 Rxd3 24. Rxd3 Kf8 25. Na4 Ke7 26. Nc5 Rb8 27. b3
a5 28. Kf1 Ra8 29. Ke2 Ra7 30. a3 Ne8 31. Kd2 Nd6 32. Kc3 Rc7 33. g4 Nb7 34.
Nxb7 Rxb7 35. g5 Rb8 36. Rh3 Rh8 37. b4 axb4+ 38. axb4 f6 39. gxf6+ Kxf6 40. Kd4
h5 41. Kc5 Rc8 42. Rd3 Ke7 43. Rd6 Rf8 44. Rxc6 Rxf2 45. h4 Rf5+ 46. Kb6 g5 47.
hxg5 Rxg5 48. b5 e5 49. Kc7 e4 50. b6 e3 51. b7 Rg8 52. Rc5 Ke6 53. Rxh5 Rg7+
54. Kb6 e2 55. Rh1 1-0

[Event "TCh-TUR Super League 2015"]
[Site "Kocaeli TUR"]
[Date "2015.08.05"]
[Round "2.6"]
[Board "8"]
[White "Hereklioglu, Sude"]
[Black "Arda, Cagil Irmak"]
[Result "1-0"]
[WhiteTitle "WCM"]
[BlackTitle "WCM"]
[WhiteElo "1796"]
[BlackElo "1915"]
[WhiteTeam "Istanbul Technical University Sports Club"]
[BlackTeam "Besiktas Jimnastik Kulubu"]
[WhiteFideId "6359531"]
[BlackFideId "6351700"]
[EventDate "2015.08.04"]

1. e4 g6 2. d4 Bg7 3. Nf3 d6 4. Nc3 a6 5. a4 Nd7 6. Be2 e5 7. Be3 exd4 8. Bxd4
Ngf6 9. O-O O-O 10. Bc4 b6 11. e5 dxe5 12. Nxe5 Nxe5 13. Bxe5 Qe7 14. Re1 Qc5
15. Qf3 Bg4 16. Qf4 Bf5 17. Be2 Ne8 18. Bf3 Rd8 19. Bxg7 Nxg7 20. Be4 Qb4 21.
Qc1 Rfe8 22. Nd5 Qd6 23. Qg5 Re6 24. Rad1 Kh8 25. Nc3 Qxd1 26. Rxd1 Rxd1+ 27.
Nxd1 Rxe4 28. Ne3 Ne6 29. Qf6+ Kg8 30. h3 Rf4 31. Nd5 Rxa4 32. Ne7+ Kf8 33. Nc6
Kg8 34. Ne5 Rf4 35. Nxf7 1-0

[Event "TCh-TUR Super League 2015"]
[Site "Kocaeli TUR"]
[Date "2015.08.05"]
[Round "2.7"]
[Board "1"]
[White "Mamedov, Nidjat"]
[Black "Morchiashvili, Bachana"]
[Result "1-0"]
[WhiteTitle "GM"]
[BlackTitle "IM"]
[WhiteElo "2597"]
[BlackElo "2318"]
[WhiteTeam "Calli Sports Club"]
[BlackTeam "Pamukkale Yonetimi Bilisim Sistemleri Zeka"]
[WhiteFideId "13400819"]
[BlackFideId "13602535"]
[EventDate "2015.08.04"]

1. e4 c6 2. d4 d5 3. e5 Bf5 4. Nf3 e6 5. Be2 Ne7 6. O-O Nd7 7. Nbd2 Bg6 8. Nh4
Nf5 9. Nxg6 hxg6 10. Nf3 Be7 11. a4 Rc8 12. a5 c5 13. c3 cxd4 14. cxd4 Nh4 15.
Nxh4 Bxh4 16. Qb3 Qc7 17. Be3 O-O 18. Rfc1 Qb8 19. Bb5 Rxc1+ 20. Rxc1 Rc8 21.
Ra1 Qc7 22. g3 Be7 23. a6 Rb8 24. Rc1 Qd8 25. Qa2 Nb6 26. b3 Bf8 27. h4 Qe7 28.
Kg2 Qd8 29. Qe2 Ba3 30. Rh1 bxa6 31. Bxa6 Nd7 32. Bb5 Nf8 33. h5 g5 34. Ra1 Bb4
35. Ra6 Rb7 36. Ba4 Be7 37. Qc2 Rc7 38. Rc6 Rxc6 39. Qxc6 g4 40. Qc1 Nh7 41. Bb5
Qb6 42. Qc8+ Qd8 43. Qc3 f5 44. exf6 Nxf6 45. h6 gxh6 46. Bxh6 Kf7 47. Be2 Qh8
48. Be3 Qh7 49. Bd3 Ne4 50. Qc7 Qf5 51. Bf4 Kf6 52. Kg1 Bd6 53. Qd8+ Be7 54. Qd7
a5 55. Qc7 Bb4 56. Be5+ Kg5 57. Qg7+ Qg6 58. Bf4+ Kf5 59. Qe5# 1-0

[Event "TCh-TUR Super League 2015"]
[Site "Kocaeli TUR"]
[Date "2015.08.05"]
[Round "2.7"]
[Board "2"]
[White "Yurtsever, Senel"]
[Black "Ertan, Can"]
[Result "0-1"]
[BlackTitle "FM"]
[WhiteElo "1843"]
[BlackElo "2238"]
[WhiteTeam "Pamukkale Yonetimi Bilisim Sistemleri Zeka"]
[BlackTeam "Calli Sports Club"]
[WhiteFideId "6390005"]
[BlackFideId "6306330"]
[EventDate "2015.08.04"]

1. e4 e5 2. f4 exf4 3. Bc4 Qh4+ 4. Kf1 Nf6 5. Nf3 Qh5 6. Nc3 Bb4 7. Nd5 Nxd5 8.
Bxd5 c6 9. Bb3 d5 10. c3 dxe4 11. Qe2 O-O 12. Qxe4 Bd6 13. Bc2 Nd7 14. d3 Nf6
15. Qd4 Bh3 16. Bd1 Rad8 17. Bxf4 c5 18. Qa4 Bd7 19. Qxa7 Bxf4 20. Qxb7 Rb8 21.
Qa6 Bb5 22. Qxb5 Rxb5 23. Nd4 Qh4 24. Nxb5 Be3 25. g3 Qh3+ 26. Ke2 Qg2+ 27. Kxe3
Re8+ 28. Kf4 Qd2+ 29. Kf3 Re3+ 0-1

[Event "TCh-TUR Super League 2015"]
[Site "Kocaeli TUR"]
[Date "2015.08.05"]
[Round "2.7"]
[Board "3"]
[White "Burcu, Cagatay"]
[Black "Oz, Ozan"]
[Result "1-0"]
[WhiteElo "2178"]
[BlackElo "1807"]
[WhiteTeam "Calli Sports Club"]
[BlackTeam "Pamukkale Yonetimi Bilisim Sistemleri Zeka"]
[WhiteFideId "6310630"]
[BlackFideId "6349188"]
[EventDate "2015.08.04"]

1. d4 e6 2. c4 b6 3. e4 Bb7 4. Nc3 Bb4 5. Qc2 Qh4 6. Bd3 f5 7. g3 Qe7 8. Ne2 Nf6
9. f3 fxe4 10. fxe4 e5 11. d5 a5 12. a3 Bc5 13. Bg5 Bf2+ 14. Kd2 h6 15. Bxf6
Qxf6 16. Raf1 Na6 17. h4 h5 18. Kd1 Qf3 19. Qd2 Nc5 20. Kc2 Rf8 21. Rh2 Qxd3+
22. Qxd3 Nxd3 23. Kxd3 Bc5 24. Rhh1 Ke7 25. a4 Rxf1 26. Rxf1 Rf8 27. Rxf8 Kxf8
28. Nb1 Bc8 29. Kd2 Bf2 30. Nbc3 Ke7 31. Nd1 Bc5 32. Ke1 Kf6 33. Ndc3 g5 34. Nb5
c6 35. Nbc3 gxh4 36. gxh4 Kg6 37. Nc1 Be7 38. Nd3 Bxh4+ 39. Ke2 Bf6 40. Kf3 Kg5
41. Ne2 cxd5 42. exd5 d6 43. Ng3 Bg4+ 44. Ke3 Kh4 45. Ne4 Be7 46. Ndf2 Bf8 47.
Nh1 Kh3 48. Kf2 Be7 49. Kg1 Bf3 50. Nhf2+ Kh4 51. Nd2 Kg3 52. Nd3 e4 53. Nf1+
Kg4 54. Nf2+ Kf4 55. Nh3+ Ke5 56. Ne3 Bg4 57. Nf2 Bd7 58. b3 Kf4 59. Ng2+ Ke5
60. Kf1 Bg5 61. Ke2 Bg4+ 62. Kf1 Kd4 63. Ke1 Bf3 64. Nh3 Bh6 65. Nh4 Kc3 66. Nf5
Bf8 67. Ng5 h4 68. Nxh4 Kxb3 69. Ne6 Be7 70. Nf5 Bf6 71. Nxd6 Bc3+ 72. Kf2 Kxa4
73. Nc8 Bg4 74. Nxb6+ Ka3 75. Ke3 Bf3 76. d6 Bf6 77. c5 Bg4 78. c6 Bxe6 79. c7
Bh4 80. d7 Bxd7 81. Kxe4 1-0

[Event "TCh-TUR Super League 2015"]
[Site "Kocaeli TUR"]
[Date "2015.08.05"]
[Round "2.7"]
[Board "6"]
[White "Komut, Kaan"]
[Black "Caliskan, Kerem"]
[Result "1-0"]
[WhiteElo "1919"]
[BlackElo "1758"]
[WhiteTeam "Pamukkale Yonetimi Bilisim Sistemleri Zeka"]
[BlackTeam "Calli Sports Club"]
[WhiteFideId "6309992"]
[BlackFideId "6310699"]
[EventDate "2015.08.04"]

1. e4 e5 2. Nf3 Nc6 3. Nc3 Nf6 4. Bb5 Bb4 5. d3 d6 6. h3 h6 7. O-O O-O 8. a3 Ba5
9. b4 Bb6 10. Na4 Be6 11. Re1 Nd4 12. Nxb6 Nxf3+ 13. Qxf3 axb6 14. Bc4 Bxc4 15.
dxc4 Nh7 16. Bb2 Re8 17. Rad1 Qf6 18. Qxf6 Nxf6 19. Rd3 Kf8 20. f3 Nd7 21. Kf2
f6 22. Bc1 Kf7 23. Be3 Re7 24. Red1 Ree8 25. Rc3 Re7 26. Rdd3 Ree8 27. Ke2 Ke7
28. Rb3 Ra7 29. Rdc3 Rd8 30. c5 bxc5 31. bxc5 Nxc5 32. Rxc5 dxc5 33. Bxc5+ Kf7
34. Bxa7 b6 35. Rc3 Rd7 36. a4 g6 37. a5 bxa5 38. Bb8 Ke6 39. Bxc7 a4 40. Bb6
Rd6 41. Bc5 Ra6 42. Ba3 Ra7 43. Rc6+ Kf7 44. Kd3 Rd7+ 45. Rd6 Rb7 46. Ra6 Rb1
47. Ke2 Rg1 48. Kf2 Rd1 49. c4 Rd2+ 50. Kg3 f5 51. exf5 gxf5 52. Rxa4 f4+ 53.
Kh2 e4 54. c5 e3 55. Rxf4+ Kg6 56. Re4 e2 57. Bb4 Rb2 58. Be1 Rc2 59. Kg3 1-0

[Event "TCh-TUR Super League 2015"]
[Site "Kocaeli TUR"]
[Date "2015.08.05"]
[Round "2.7"]
[Board "8"]
[White "Celik, Eda"]
[Black "Uzun, Belemir"]
[Result "1-0"]
[WhiteElo "1656"]
[BlackElo "1682"]
[WhiteTeam "Pamukkale Yonetimi Bilisim Sistemleri Zeka"]
[BlackTeam "Calli Sports Club"]
[WhiteFideId "6351727"]
[BlackFideId "6365655"]
[EventDate "2015.08.04"]

1. e4 c6 2. d4 d5 3. Nc3 dxe4 4. Nxe4 Bf5 5. Ng3 Bg6 6. h4 h6 7. Nf3 Nd7 8. h5
Bh7 9. Bd3 Bxd3 10. Qxd3 e6 11. Bf4 Qa5+ 12. Bd2 Bb4 13. c3 Be7 14. O-O Ngf6 15.
c4 Qc7 16. Rfe1 Rd8 17. Qe2 O-O 18. Ne5 Bd6 19. Bc3 Rfe8 20. Rad1 Rb8 21. Qf3
Be7 22. Ne4 Nxe5 23. dxe5 Nxe4 24. Rxe4 Rbd8 25. Rxd8 Rxd8 26. Rf4 Bg5 27. Rd4
Rxd4 28. Bxd4 a6 29. b3 Qd8 30. Bc3 Bd2 31. Qd1 Bg5 32. Qd6 Be7 33. Qxd8+ Bxd8
34. Bb4 Bb6 35. Bd6 Bd4 36. Kf1 f6 37. exf6 gxf6 38. Bf4 Kg7 39. f3 e5 40. Bd2
f5 41. Ke2 Bc5 42. Kd3 f4 43. Ke4 Kf6 44. Be1 Ke6 45. g3 fxg3 46. Bxg3 Bd6 47.
Bf2 Bf8 48. Be3 Bg7 49. Bd2 Bf8 50. Bc3 Bd6 51. c5 Bxc5 52. Bxe5 Bf8 53. f4 Kf7
54. f5 Bg7 55. Bxg7 Kxg7 56. Ke5 Kf7 57. a3 a5 58. f6 c5 59. a4 b6 60. Kf5 b5
61. axb5 c4 62. b6 c3 63. b7 c2 64. b8=Q c1=Q 65. Qb7+ Ke8 66. Qe7# 1-0

[Event "TCh-TUR Super League 2015"]
[Site "Kocaeli TUR"]
[Date "2015.08.05"]
[Round "2.8"]
[Board "1"]
[White "Moiseenko, Alexander"]
[Black "Yilmaz, Mustafa"]
[Result "1/2-1/2"]
[WhiteTitle "GM"]
[BlackTitle "GM"]
[WhiteElo "2710"]
[BlackElo "2582"]
[WhiteTeam "Kayseri Seker Sports Club"]
[BlackTeam "Hatay Buyuksehir Belediyesi Genclik Sports Club"]
[WhiteFideId "14102560"]
[BlackFideId "6302718"]
[EventDate "2015.08.04"]

1. d4 d5 2. c4 c6 3. Nf3 Nf6 4. Nc3 a6 5. g3 dxc4 6. Bg2 b5 7. Ne5 e6 8. O-O Bb7
9. b3 cxb3 10. axb3 Be7 11. Bb2 O-O 12. Ne4 Nxe4 13. Bxe4 a5 14. Qd3 h6 15. f4
Bd6 16. Qe3 Qe7 17. Bc2 Rd8 18. f5 Bxe5 19. Qxe5 Nd7 20. Qc7 Rdc8 21. f6 Rxc7
22. fxe7 Nf6 23. Ra2 Rxe7 24. Rfa1 Ree8 25. Rxa5 Rxa5 26. Rxa5 Ra8 27. Rxa8+
Bxa8 28. Ba3 Nd7 29. g4 Nf6 30. h3 Nd5 31. Bd6 Bb7 32. Kf2 Bc8 33. e4 Nb6 34.
Ke3 f6 35. Kd2 Nd7 36. Kc3 e5 37. b4 Kf7 38. Bb3+ Ke8 39. Kd3 Bb7 40. Ke3 Bc8
41. Ba2 Bb7 42. Bb3 Bc8 43. Ba2 1/2-1/2

[Event "TCh-TUR Super League 2015"]
[Site "Kocaeli TUR"]
[Date "2015.08.05"]
[Round "2.8"]
[Board "3"]
[White "Kanmazalp, Ogulcan"]
[Black "Ali Marandi, Cemil Can"]
[Result "0-1"]
[WhiteTitle "IM"]
[BlackTitle "IM"]
[WhiteElo "2468"]
[BlackElo "2414"]
[WhiteTeam "Kayseri Seker Sports Club"]
[BlackTeam "Hatay Buyuksehir Belediyesi Genclik Sports Club"]
[WhiteFideId "6304990"]
[BlackFideId "6300529"]
[EventDate "2015.08.04"]

1. e4 e6 2. d4 d5 3. Nc3 Nf6 4. Bg5 dxe4 5. Nxe4 Be7 6. Bxf6 gxf6 7. Nf3 f5 8.
Nc3 a6 9. Qe2 b5 10. O-O-O Qd6 11. Ne5 Nd7 12. f4 Bb7 13. Rg1 Nxe5 14. fxe5 Qb6
15. g4 O-O-O 16. gxf5 Rxd4 17. Rxd4 Qxd4 18. Rg4 Qb6 19. f6 Bc5 20. Bg2 Rd8 21.
Bxb7+ Qxb7 22. Re4 Qc6 23. Nd1 Bf8 24. Rh4 Qd5 25. c4 Qh1 26. cxb5 axb5 27. a4
Qg1 28. Rxh7 Bh6+ 29. Rxh6 Qg5+ 30. Kc2 Qxh6 31. Nc3 Qg6+ 32. Kc1 Qg1+ 33. Kc2
bxa4 34. Qa6+ Kb8 35. Qb5+ Qb6 36. Qxb6+ cxb6 37. Nxa4 Kc7 38. Nc3 Kc6 39. b4 b5
40. h3 Rd4 0-1

[Event "TCh-TUR Super League 2015"]
[Site "Kocaeli TUR"]
[Date "2015.08.05"]
[Round "2.8"]
[Board "4"]
[White "Gulbas, Cemil"]
[Black "Yilmazyerli, Mert"]
[Result "1/2-1/2"]
[WhiteTitle "IM"]
[BlackTitle "IM"]
[WhiteElo "2377"]
[BlackElo "2450"]
[WhiteTeam "Hatay Buyuksehir Belediyesi Genclik Sports Club"]
[BlackTeam "Kayseri Seker Sports Club"]
[WhiteFideId "201820"]
[BlackFideId "6305962"]
[EventDate "2015.08.04"]

1. e4 g6 2. d4 Bg7 3. Nc3 d6 4. Be3 a6 5. Qd2 b5 6. O-O-O Nd7 7. h4 h6 8. f3 Bb7
9. d5 c5 10. dxc6 Bxc6 11. Bd4 Bxd4 12. Qxd4 Ngf6 13. g4 Qb6 14. Nge2 Rc8 15. a3
Bb7 1/2-1/2

[Event "TCh-TUR Super League 2015"]
[Site "Kocaeli TUR"]
[Date "2015.08.05"]
[Round "2.8"]
[Board "5"]
[White "Atalik, Ekaterina"]
[Black "Altinoz, Fevziye Ece"]
[Result "1-0"]
[WhiteTitle "IM"]
[WhiteElo "2382"]
[BlackElo "1543"]
[WhiteTeam "Kayseri Seker Sports Club"]
[BlackTeam "Hatay Buyuksehir Belediyesi Genclik Sports Club"]
[WhiteFideId "4130189"]
[BlackFideId "6358942"]
[EventDate "2015.08.04"]

1. d4 Nf6 2. c4 g6 3. Nc3 Bg7 4. e4 d6 5. Nf3 O-O 6. h3 e5 7. d5 a5 8. g4 Na6 9.
Be3 Bd7 10. Nd2 Qc8 11. Be2 Rd8 12. Rg1 c6 13. Na4 Rb8 14. Rc1 Rf8 15. g5 Ne8
16. Ba7 Qd8 17. Bxb8 Nxb8 18. Qb3 c5 19. Nb6 f6 20. Nxd7 Qxd7 21. h4 fxg5 22.
hxg5 Qf7 23. Qg3 Nc7 24. Rc3 Qe7 25. Rb3 Nca6 26. a3 a4 27. Rb5 Qc7 28. Bg4 Re8
29. b3 axb3 30. Qxb3 Re7 31. Ke2 Kh8 32. Rb1 Qd8 33. Rxb7 Rxb7 34. Qxb7 h6 35.
Qc8 Qxc8 36. Bxc8 hxg5 37. Rb6 1-0

[Event "TCh-TUR Super League 2015"]
[Site "Kocaeli TUR"]
[Date "2015.08.05"]
[Round "2.8"]
[Board "6"]
[White "Buyukasik, Diyap"]
[Black "Yurtseven, Melih"]
[Result "0-1"]
[BlackTitle "FM"]
[WhiteElo "2074"]
[BlackElo "2299"]
[WhiteTeam "Hatay Buyuksehir Belediyesi Genclik Sports Club"]
[BlackTeam "Kayseri Seker Sports Club"]
[WhiteFideId "6319602"]
[BlackFideId "6312160"]
[EventDate "2015.08.04"]

1. d4 Nf6 2. Nf3 c5 3. d5 g6 4. Nc3 Bg7 5. e4 d6 6. Be2 O-O 7. O-O Bg4 8. Nd2
Bxe2 9. Qxe2 Na6 10. Nc4 Nc7 11. a4 b6 12. Bg5 Qb8 13. f4 a6 14. Ne3 b5 15. Qf3
e6 16. e5 Nfxd5 17. Ncxd5 Nxd5 18. Nxd5 exd5 19. Be7 dxe5 20. Bxf8 e4 21. Qd1
Qxf8 22. Qxd5 Bxb2 23. Rab1 Bd4+ 24. Kh1 e3 25. f5 Rd8 26. Qb7 Qe8 27. fxg6 hxg6
28. Rfe1 Bc3 29. Re2 Rd2 30. Qf3 Rxe2 31. Qxe2 bxa4 32. Qc4 Bd2 33. Qf4 Kg7 34.
Kg1 a3 35. Qd6 a2 0-1

[Event "TCh-TUR Super League 2015"]
[Site "Kocaeli TUR"]
[Date "2015.08.05"]
[Round "2.8"]
[Board "7"]
[White "Ozen, Deniz"]
[Black "Temizkan, Denizcan"]
[Result "1/2-1/2"]
[WhiteTitle "FM"]
[BlackTitle "FM"]
[WhiteElo "2066"]
[BlackElo "1906"]
[WhiteTeam "Kayseri Seker Sports Club"]
[BlackTeam "Hatay Buyuksehir Belediyesi Genclik Sports Club"]
[WhiteFideId "6349196"]
[BlackFideId "6325157"]
[EventDate "2015.08.04"]

1. e4 e5 2. Nf3 Nc6 3. Bb5 a6 4. Ba4 Nf6 5. O-O Be7 6. Re1 b5 7. Bb3 d6 8. c3
O-O 9. h3 Re8 10. Ng5 Rf8 11. Nf3 Re8 12. d4 Bb7 13. Ng5 Rf8 14. Nf3 Re8 15. a3
h6 16. Nbd2 Bf8 17. Ba2 Nb8 18. Qb3 Qd7 19. Qc2 c5 20. d5 c4 21. Nf1 Qc7 22. Ne3
Nbd7 23. Ng4 Be7 24. Nxf6+ Bxf6 25. Be3 Nc5 26. Rad1 a5 27. Nh2 Bg5 28. Ng4 Bc8
29. Bxg5 hxg5 30. Ne3 Bd7 31. f3 g6 32. Rf1 Kg7 33. Qd2 Rh8 34. Bb1 Raf8 35. Bc2
a4 36. Rde1 Qd8 37. g4 Rxh3 38. Kg2 Rfh8 39. Rh1 R3h4 40. Rxh4 Rxh4 41. Rh1 Qf6
42. Rxh4 gxh4 43. Nd1 g5 44. Nf2 Qd8 45. Nh3 f6 46. Qe3 Kh6 47. Nf2 Qc7 48. Nh3
Bc8 49. Nf2 Nd7 50. Nh3 Nf8 51. Qf2 Ng6 52. Qe3 Bd7 53. Bd1 Nh8 54. Be2 Nf7 55.
Bd1 1/2-1/2

[Event "TCh-TUR Super League 2015"]
[Site "Kocaeli TUR"]
[Date "2015.08.05"]
[Round "2.8"]
[Board "8"]
[White "Micoogullari, Lara"]
[Black "Aksoy, Ayca"]
[Result "0-1"]
[WhiteElo "1668"]
[BlackElo "1758"]
[WhiteTeam "Hatay Buyuksehir Belediyesi Genclik Sports Club"]
[BlackTeam "Kayseri Seker Sports Club"]
[WhiteFideId "6344968"]
[BlackFideId "6355978"]
[EventDate "2015.08.04"]

1. Nf3 Nf6 2. g3 d5 3. Bg2 Bf5 4. O-O Nbd7 5. d4 e6 6. b3 Be7 7. Bb2 h6 8. c4 c6
9. Nc3 O-O 10. Nd2 a5 11. a4 Re8 12. e4 dxe4 13. Ncxe4 Qb6 14. c5 Qc7 15. Ba3
Nxe4 16. Nxe4 Bxe4 17. Bxe4 Rad8 18. Qc2 Nf6 19. Rad1 Nd5 20. Bxd5 Rxd5 21. Rd3
Red8 22. Rfd1 Bf6 23. Bb2 R8d7 24. Qc4 Qd8 25. b4 axb4 26. Qxb4 e5 27. a5 exd4
28. Ra1 Be7 29. Rc1 Bg5 30. Rcd1 Bf6 31. Ra1 Qe7 32. Re1 Qxc5 33. Re8+ Kh7 34.
Qxc5 Rxc5 35. Ra8 Rc2 0-1

[Event "TCh-TUR Super League 2015"]
[Site "Kocaeli TUR"]
[Date "2015.08.06"]
[Round "3.1"]
[Board "1"]
[White "Morchiashvili, Bachana"]
[Black "Moiseenko, Alexander"]
[Result "1/2-1/2"]
[WhiteTitle "IM"]
[BlackTitle "GM"]
[WhiteElo "2318"]
[BlackElo "2710"]
[WhiteTeam "Pamukkale Yonetimi Bilisim Sistemleri Zeka"]
[BlackTeam "Kayseri Seker Sports Club"]
[WhiteFideId "13602535"]
[BlackFideId "14102560"]
[EventDate "2015.08.04"]

1. d4 Nf6 2. c4 e6 3. Nf3 d5 4. Nc3 Bb4 5. cxd5 exd5 6. Bg5 Nbd7 7. e3 c5 8. Bd3
Qa5 9. O-O c4 10. Bf5 O-O 11. Qc1 Re8 12. Nd2 g6 13. Bxd7 Nxd7 14. e4 dxe4 15.
Nxc4 Qf5 16. f3 e3 17. Bxe3 b5 18. a3 Bf8 19. Na5 Nf6 20. Qd2 Bd7 21. Nb7 Bc6
22. Nc5 Rad8 23. b4 Bd6 24. Rae1 Nd5 25. Nxd5 Bxd5 26. Bh6 f6 27. Ne4 Be7 28.
Re3 Bc4 29. Rfe1 Kf7 30. h4 Qd5 31. Bf4 a6 32. Bc7 Rc8 33. Bb6 f5 34. Ng5+ Bxg5
35. hxg5 Qc6 36. Bc5 Rxe3 37. Rxe3 Re8 38. Rxe8 Kxe8 39. Qf4 Kd7 40. Qb8 Bd5 41.
Qh8 Qe6 42. Qxh7+ Kc6 43. Kh2 Ba2 44. Qa7 Kd5 45. Qc7 Kc4 46. Qd8 Qe1 47. Kh3 f4
48. Kh2 Qg3+ 1/2-1/2

[Event "TCh-TUR Super League 2015"]
[Site "Kocaeli TUR"]
[Date "2015.08.06"]
[Round "3.1"]
[Board "2"]
[White "Fedorchuk, Sergey A."]
[Black "Yurtsever, Senel"]
[Result "1-0"]
[WhiteTitle "GM"]
[WhiteElo "2653"]
[BlackElo "1843"]
[WhiteTeam "Kayseri Seker Sports Club"]
[BlackTeam "Pamukkale Yonetimi Bilisim Sistemleri Zeka"]
[WhiteFideId "14102536"]
[BlackFideId "6390005"]
[EventDate "2015.08.04"]

1. e4 c6 2. d3 d5 3. Nd2 e5 4. Ngf3 Bd6 5. g3 d4 6. Bg2 Ne7 7. O-O Ng6 8. h4 Bg4
9. Qe1 Nd7 10. Nh2 h5 11. Nc4 Nb6 12. Nxd6+ Qxd6 13. Nxg4 hxg4 14. Qe2 Qe6 15.
f3 gxf3 16. Qxf3 f6 17. Kh2 Nd7 18. Bh3 Qe7 19. Bd2 O-O-O 20. b4 Kb8 21. a4 Ngf8
22. Kg2 Ne6 23. Bf5 Ndf8 24. Rab1 Rd6 25. Rh1 g6 26. Bg4 Ng7 27. Rbf1 Nd7 28.
Rf2 Nb6 29. a5 Nd7 30. Qe2 Kc7 31. Rhf1 Nh5 32. b5 c5 33. Rf3 Nf8 34. Qe1 Nh7
35. Qa1 Kb8 36. Qa2 Ng7 37. Qc4 Ne6 38. Bc1 Rc8 39. Ba3 b6 40. Bc1 Rc7 41. Bd2
Nd8 42. Ra1 Qf7 43. Qa4 Rb7 44. axb6 Ne6 45. bxa7+ Rxa7 46. Ba5 Nd8 47. Qa3 Ne6
48. Bxe6 Rxe6 49. Qxc5 Nf8 50. Qd5 Qd7 51. Rff1 Rb7 1-0

[Event "TCh-TUR Super League 2015"]
[Site "Kocaeli TUR"]
[Date "2015.08.06"]
[Round "3.1"]
[Board "6"]
[White "Yurtseven, Melih"]
[Black "Komut, Kaan"]
[Result "1-0"]
[WhiteTitle "FM"]
[WhiteElo "2299"]
[BlackElo "1919"]
[WhiteTeam "Kayseri Seker Sports Club"]
[BlackTeam "Pamukkale Yonetimi Bilisim Sistemleri Zeka"]
[WhiteFideId "6312160"]
[BlackFideId "6309992"]
[EventDate "2015.08.04"]

1. b3 Nf6 2. Bb2 d6 3. e3 g6 4. Bxf6 exf6 5. c4 Bg7 6. Nc3 O-O 7. g3 f5 8. Nge2
Nd7 9. Bg2 Re8 10. d4 Nf6 11. Qd3 Rb8 12. Rc1 Bd7 13. Nf4 Bc6 14. Nfd5 h5 15. h4
Bxd5 16. Nxd5 Nxd5 17. Bxd5 c6 18. Bf3 f4 19. gxf4 Qf6 20. Kf1 c5 21. dxc5 dxc5
22. Kg2 Rbd8 23. Bd5 Rd6 24. Rcg1 Kh8 25. Kf3 b6 26. Rg5 Bh6 27. Rg3 Re7 28. Qb1
Kh7 29. Kg2 Bg7 30. Kh3 Qb2 31. Qxb2 Bxb2 32. f5 Rf6 33. fxg6+ fxg6 34. f4 Bc3
35. Rd1 Rd7 36. Bg8+ 1-0

[Event "TCh-TUR Super League 2015"]
[Site "Kocaeli TUR"]
[Date "2015.08.06"]
[Round "3.1"]
[Board "8"]
[White "Aksoy, Ayca"]
[Black "Celik, Eda"]
[Result "1-0"]
[WhiteElo "1758"]
[BlackElo "1656"]
[WhiteTeam "Kayseri Seker Sports Club"]
[BlackTeam "Pamukkale Yonetimi Bilisim Sistemleri Zeka"]
[WhiteFideId "6355978"]
[BlackFideId "6351727"]
[EventDate "2015.08.04"]

1. Nf3 Nf6 2. d4 g6 3. c4 Bg7 4. g3 O-O 5. Bg2 d6 6. O-O c5 7. Nc3 Nc6 8. h3
cxd4 9. Nxd4 Nxd4 10. Qxd4 Nh5 11. Qd3 f5 12. Bg5 Nf6 13. Rad1 Be6 14. b3 Nd7
15. Nd5 Bxd5 16. Qxd5+ Kh8 17. Qxb7 Nf6 18. Bxf6 Bxf6 19. Qxa8 Qxa8 20. Bxa8
Rxa8 21. Rd5 Rc8 22. Rfd1 Kg7 23. Ra5 Rc7 24. a3 Kf7 25. e3 Bc3 26. b4 Ke8 27.
Rc1 Bf6 28. c5 dxc5 29. Raxc5 Rd7 30. Rc7 Bb2 31. Rxd7 Kxd7 32. Rd1+ Kc7 33. a4
Be5 34. Kf1 Bd6 35. Rd4 Kb6 36. Ke2 h6 37. Kd3 h5 38. h4 a6 39. Kc4 Kc6 40. b5+
axb5+ 41. axb5+ Kb6 42. Rd2 Kc7 43. Ra2 Kb7 44. Ra6 Kb8 45. Kd5 Kc7 46. Rc6+ Kd7
47. Rxd6+ exd6 48. b6 1-0